Suomen suosituimmat koirarodut - Statistics

Yleistilastot
  • Tätä visaa on pelattu 2 374 kertaa
  • Keskiarvotulos 36 / 100
Vastaustilastot
kpl Rotu % Oikein
1237 kultainennoutaja
92%
131 pk. saksanpaimenkoira
89%
1420 saksanpaimenkoira
89%
1883 labradorinnoutaja
87%
598 suomenpystykorva
78%
697 kk. mäyräkoira
75%
282 lk. mäyräkoira
75%
208 pk. mäyräkoira
75%
776 chihuahua, lk
71%
667 chihuahua, pk
71%
1409 suomenajokoira
65%
535 pk. collie
57%
1161 suomenlapinkoira
57%
374 mopsi
56%
150 sk. collie
56%
618 siperianhusky
53%
482 beagle
49%
153 dalmatiankoira
48%
633 karjalankarhukoira
47%
254 kk. saksanseisoja
47%
297 lk. saksanseisoja
47%
494 berninpaimenkoira
46%
524 bordercollie
46%
678 cockerspanieli
46%
296 rottweiler
46%
270 tanskandoggi
46%
1072 shetlanninlammaskoira
45%
263 welsh corgi cardigan
45%
228 welsh corgi pembroke
45%
890 harmaa norjanhirvikoira
43%
162 dobermanni
42%
446 kääpiövillakoira
42%
883 kääpiösnautseri
40%
763 tiibetinspanieli
40%
420 espanjanvesikoira
38%
328 australianpaimenkoira
37%
282 lapinporokoira
37%
542 bichon frisé
36%
474 ranskanbulldoggi
36%
331 novascotiannoutaja
35%
220 pomeranian
35%
177 samojedinkoira
35%
152 irlanninsusikoira
34%
773 jackrussellinterrieri
34%
1455 jämtlanninpystykorva
34%
353 kiinanharjakoira
34%
249 bokseri
33%
356 kääpiöpinseri
33%
230 whippet
33%
130 alaskanmalamuutti
32%
203 englanninbulldoggi
31%
495 mittelspitz
31%
191 punainen irlanninsetteri
30%
128 amerikanakita
29%
322 keskikokoinen villakoira
29%
182 suursnautseri
29%
210 toyvillakoira
29%
355 valkoinen länsiylämaanterrieri
29%
616 cavalier kingcharlesinspanieli
28%
451 kleinspitz
28%
218 belgianpaimenkoira, malinois
27%
493 havannankoira
27%
197 newfoundlandinkoira
27%
268 valkoinenpaimenkoira
27%
220 papillon
26%
257 bostoninterrieri
25%
165 japaninpystykorva
25%
279 sileäkarvainen noutaja
25%
124 vehnäterrieri
25%
262 yorkshirenterrieri
25%
239 amerikanstaffordshirenterrieri
23%
210 borderterrieri
23%
172 bullmastiffi
23%
534 coton de tuléar
23%
276 englanninspringerspanieli
23%
348 parsonrussellinterrieri
23%
143 portugalinvesikoira
23%
385 cairnterrieri
22%
392 pohjanpystykorva
22%
146 dreeveri
21%
406 staffordshirenbullterrieri
21%
156 australianterrieri
20%
134 belgianpaimenkoira, tervueren
20%
183 hovawart
20%
251 itäsiperianlaika
20%
201 leonberginkoira
20%
138 kk. kääpiömäyräkoira
19%
157 lk. kääpiömäyräkoira
19%
209 pk. kääpiömäyräkoira
19%
199 walesinspringerspanieli
19%
141 venäjänajokoira
18%
151 tiibetinterrieri
17%
327 lagotto romagnolo
16%
137 tanskalais-ruotsalainen pihakoira
16%
138 belgianpaimenkoira, groenendael
15%
125 norwichinterrieri
15%
140 amerikankettukoira
14%
144 bretoni
13%
141 saksanmetsästysterrieri
13%
135 beaucenpaimenkoira
12%
Ehtoja vastaavia visoja ei löytynyt
Tulosjakauma
Jokaisen tuloksen saaneiden osuus
Persentiili vastausten määrän mukaan
Tuloshistoriasi
Et ole pelannut tätä visaa